000 00501cam a2200181 4500
001 BFIL012036
008 1940 spa
035 _aBFIL012036
050 4 _aPQ8076
_bC3 1940
100 1 _aCastro Z., Oscar
245 0 _aHuellas en la tierra : cuentos /
_cOscar Castro Z.
260 _aSantiago de Chile :
_bZig-Zag,
_c1940
300 _a155 p. ;
_c21 cm.
440 0 _aBiblioteca Americana
500 _a1 ejem.
650 4 _aCuento Latinoamericano
942 _2lcc
_cLIB
999 _c120624
_d120624